[Event "Agency"]
[Site "London"]
[Date "1998.06.19"]
[Round "5"]
[White "Waitzkin, Joshua"]
[Black "McNab, Colin Anderson"]
[Result "0-1"]
[WhiteElo "2465"]
[BlackElo "2500"]

1.e4 g6 2.d4 d6 3.Nc3 Nf6 4.Be3 c6 5.Qd2 Nbd7 6.Nf3 Qc7 7.Bd3 e5 8.O-O Bg7
9.dxe5 Nxe5 10.Nxe5 dxe5 11.a4 Be6 12.a5 O-O 13.Na4 Nd7 14.b4 b5 15.Nc5 Nxc5
16.Bxc5 Rfd8 17.Ra3 Rd7 18.Be3 Bf8 19.Qc3 Rc8 20.Bc5 Bh6 21.Raa1 Rcd8 22.Rfd1 Bc4
23.Kf1 Bf8 24.Bxf8 Kxf8 25.Ke1 Rd4 26.Bxc4 Rxc4 27.Rxd8+ Qxd8 28.Qxe5 f6
29.Qf4 Qe7 30.f3 Rxc2 31.Kf1 Qe5 32.Qh6+ Ke8 33.Rd1 Qg5 34.Qh3 f5 35.exf5 Qe3
36.Re1 Rf2+  0-1

[Event "Agency"]
[Site "London"]
[Date "1998.06.21"]
[Round "7"]
[White "Waitzkin, Joshua"]
[Black "Bates, Richard"]
[Result "0-1"]
[WhiteElo "2465"]
[BlackElo "2430"]

1.e4 c5 2.Nf3 d6 3.d4 cxd4 4.Nxd4 Nf6 5.Nc3 a6 6.Be2 e5 7.Nb3 Be7 8.O-O O-O
9.Kh1 a5 10.Be3 a4 11.Nd2 a3 12.b3 Qa5 13.Na4 Nbd7 14.Nc4 Qc7 15.Ncb6 Rb8
16.f3 Nxb6 17.Nxb6 Be6 18.c4 Nd7 19.Na4 f5 20.exf5 Rxf5 21.Nc3 Rf7 22.Nb5 Qc6
23.Nxa3 Nf6 24.Qc1 d5 25.cxd5 Nxd5 26.Qxc6 bxc6 27.Nc4 Bf6 28.Bd2 Rd7 29.Rfe1 Bf7
30.Rac1 Ra7 31.Na5 Ne7 32.Bc4 Rba8 33.b4 Rd7 34.Be3 Nf5 35.Bc5 Rd2 36.Re2 Rad8
37.Bxf7+ Kxf7 38.Rxd2 Rxd2 39.a4 Ra2 40.Nxc6 Rxa4 41.b5 Nd4 42.Bxd4 exd4
43.b6 d3 44.b7 d2 45.Rg1 Ra1 46.b8=Q Rxg1+ 47.Kxg1 d1=Q+ 48.Kf2 Qc2+ 49.Kf1 Qc1+
50.Kf2 Qxc6 51.Qb3+ Qe6 52.Qd3 Kg8 53.f4 Be7 54.Qf3 Qa2+ 55.Kg3 Qa3 56.Qxa3 Bxa3
57.Kh4 Kf7 58.g4 Bd6 59.Kg5 Ke6 60.h3 Be7+ 61.Kh5 Kf6 62.Kh4 Bd6 63.f5 Bf4
64.Kh5 Bg5  0-1

[Event "Agency"]
[Site "London"]
[Date "1998.06.22"]
[Round "8"]
[White "Waitzkin, Joshua"]
[Black "Van den Doel, Erik"]
[Result "1/2-1/2"]
[WhiteElo "2465"]
[BlackElo "2485"]

1.e4 e5 2.Nf3 Nc6 3.Nc3 Nf6 4.g3 Bc5 5.Bg2 d6 6.d3 a6 7.O-O O-O 8.h3 h6 9.Be3 Bxe3
10.fxe3 Nh7 11.Nh4 g6 12.Kh2 Ne7 13.Rf2 Kg7 14.d4 Ng8 15.Qd2  1/2-1/2

[Event "World op"]
[Site "Philadelphia"]
[Date "1998.06.29"]
[Round "3"]
[White "Basescu, Neil"]
[Black "Waitzkin, Joshua"]
[Result "0-1"]
[WhiteElo "2215"]
[BlackElo "2465"]

1.e4 c5 2.Nf3 d6 3.d4 Nf6 4.Nc3 cxd4 5.Nxd4 Nc6 6.Bg5 e6 7.Qd2 a6 8.O-O-O h6
9.Bh4 Be7 10.f4 g5 11.fxg5 Ng4 12.Be2 Nge5 13.Nf3 b5 14.Rdf1 hxg5 15.Nxe5 dxe5
16.Qxd8+ Bxd8 17.Bg3 Bb7 18.Bf3 Rc8 19.Rd1 Rg8 20.Bh5 Rg7 21.Rhf1 Be7 22.Rd2 Rh7
23.Bg4 Na5 24.Rd3 Nc4 25.b3 Na3 26.Kd1 Nxc2 27.Nd5 Nb4 28.Rd2 Nc6 29.h3 Bd8
30.b4 f5 31.exf5 exd5 32.Rxd5 Bf6 33.Rd6 Rd8 34.Rxd8+ Kxd8 35.Bf3 Nxb4  0-1

[Event "New York Manhattan"]
[Site "New York"]
[Date "1998.10.08"]
[Round "1"]
[White "Burnett, Ronald"]
[Black "Waitzkin, Joshua"]
[Result "0-1"]
[WhiteElo "2395"]
[BlackElo "2480"]

1.d4 d5 2.Nf3 Nf6 3.Bf4 c5 4.e3 Nc6 5.c3 Qb6 6.Qc1 Bf5 7.Be2 Rc8 8.O-O e6
9.h3 Be7 10.Nh4 Be4 11.dxc5 Qxc5 12.Nd2 h6 13.Nhf3 Bh7 14.b4 Qb6 15.a3 Ne4
16.Nxe4 Bxe4 17.c4 O-O 18.c5 Qd8 19.Rd1 Bf6 20.Ra2 e5 21.Bg3 Qe7 22.Nd2 Bf5
23.Nb3 Rfd8 24.Rad2 Be6 25.b5 Nb8 26.Qc2 Nd7 27.Rxd5 Bxd5 28.Rxd5 Nf8 29.e4 g6
30.Bc4 Kg7 31.f3 Ne6 32.Bf2 Nf4 33.Rxd8 Qxd8 34.a4 Bh4 35.Bxh4 Qxh4 36.Kh2 Qe1
37.Bd5 Ne2  0-1

[Event "New York Manhattan"]
[Site "New York"]
[Date "1998.10.10"]
[Round "3"]
[White "Robovic, Saudin"]
[Black "Waitzkin, Joshua"]
[Result "1/2-1/2"]
[WhiteElo "2330"]
[BlackElo "2480"]

1.e4 c5 2.Nf3 Nc6 3.d4 cxd4 4.Nxd4 e5 5.Nb5 d6 6.N1c3 a6 7.Na3 b5 8.Nd5 Nce7
9.c4 Nxd5 10.exd5 bxc4 11.Nxc4 Nf6 12.Bd2 Bd7 13.Ba5 Qb8 14.Rc1 Be7 15.Be2 O-O
16.O-O Bd8 17.b4 Bf5 18.Bxd8 Rxd8 19.Na5  1/2-1/2

[Event "New York Manhattan"]
[Site "New York"]
[Date "1998.10.16"]
[Round "9"]
[White "Bonin, Jay R"]
[Black "Waitzkin, Joshua"]
[Result "1/2-1/2"]
[WhiteElo "2405"]
[BlackElo "2480"]

1.e4 d5 2.exd5 Qxd5 3.Nc3 Qa5 4.d4 c6 5.Nf3 Nf6 6.Ne5 Bf5 7.g3 e6 8.Bg2 Nbd7
9.Nc4 Qb4 10.Ne3 Bg6 11.a3 Qa5 12.Rb1 Be7 13.b4 Qc7 14.b5 O-O 15.bxc6 bxc6
16.O-O Nb6 17.f4 Rad8 18.f5 exf5 19.Nxf5 Bxf5 20.Rxf5 Qd7 21.Ra5 Qxd4+ 22.Qxd4 Rxd4
23.Be3 Rc4 24.Ne2 Rxc2 25.Nd4 Rc3 26.Nf5 Bxa3 27.Bd4 Rc1+ 28.Rxc1 Bxc1 29.Bxc6 Rd8
30.Bxf6 gxf6 31.Rxa7 Nc4 32.Ra8  1/2-1/2

[Event "National Congress 29th"]
[Site "Philadelphia"]
[Date "1998.11.28"]
[Round "4"]
[White "Zaremba, Andre"]
[Black "Waitzkin, Joshua"]
[Result "1/2-1/2"]
[WhiteElo "2245"]
[BlackElo "2480"]

1.d4 d5 2.Nf3 Nf6 3.c4 dxc4 4.Nc3 a6 5.a4 e6 6.e3 c5 7.Bxc4 Nc6 8.O-O Qc7
9.d5 exd5 10.Nxd5 Nxd5 11.Qxd5 Be6 12.Qe4 Qe7 13.Bd2  1/2-1/2

[Event "National Congress 29th"]
[Site "Philadelphia"]
[Date "1998.11.29"]
[Round "6"]
[White "Waitzkin, Joshua"]
[Black "Gurevich, Dmitry"]
[Result "1/2-1/2"]
[WhiteElo "2480"]
[BlackElo "2505"]

1.e4 c5 2.Nf3 d6 3.d4 cxd4 4.Nxd4 Nf6 5.Nc3 a6 6.Be2 g6 7.O-O Bg7 8.Re1 O-O
9.Bf1 Nc6 10.Nb3 b5 11.Bg5 h6 12.Bh4 Bb7 13.Qd2 g5 14.Bg3 Nh5 15.Nd1 Nxg3
16.hxg3 Ne5 17.Na5 Bc8 18.a4 Bd7 19.axb5 axb5 20.Nc3 Ng6 21.Reb1 Qb6 22.Nd5 Qd4
23.Qxd4 Bxd4 24.c3 Be5 25.Nb6 Ra7 26.Nxd7 Rxd7 27.Bxb5 Rc7 28.Nc6 Bf6 29.Nb4 Rb7
30.Bc6 Rbb8 31.Ra6 Rfc8 32.Kf1 e6 33.Ke2 Kg7 34.Bd7 Rc4 35.f3 Ne5 36.Ba4 Rcc8
37.Bb3 Be7 38.Ra7 Kf8 39.Ba4 Rb6 40.f4 gxf4 41.gxf4 Nc4 42.f5 d5 43.fxe6 dxe4
44.Nd5 Rxe6 45.Bd7 Re5 46.Bxc8 Rxd5 47.Rd1 Rg5 48.Bh3 Nxb2 49.Rf1 Nd3 50.c4 Rg6
51.Ra8+ Kg7 52.Ra7 Bf6 53.Rc7 Rg5 54.Rf5 Rg3 55.Rf1 Rg5 56.Rf5 Rg3 57.Rf1 Rg5  1/2-1/2

[Event "Marshall CC Winter"]
[Site "New York"]
[Date "1998.12.13"]
[Round "2"]
[White "Waitzkin, Joshua"]
[Black "Santana, Joan"]
[Result "1-0"]
[WhiteElo "2480"]
[BlackElo "2175"]

1.e4 c6 2.c4 d5 3.cxd5 cxd5 4.exd5 Nf6 5.Bb5+ Bd7 6.Bc4 g6 7.Qb3 Qb6 8.Qxb6 axb6
9.Nc3 Na6 10.a3 Nb4 11.Rb1 Nc2+ 12.Kd1 Nd4 13.d3 b5 14.Ba2 Bg7 15.Be3 Ng4
16.Kd2 Nf5 17.Nge2 O-O 18.Bb3 Kh8 19.h3 Ngxe3 20.fxe3 Bh6 21.Nd1 Rfc8 22.Rf1 Kg7
23.g4 Nh4 24.Nd4 f5 25.Rg1 fxg4 26.hxg4 Bg5 27.Nc3 Bf6 28.Nce2 Rf8 29.Rbf1 Bxd4
30.Nxd4 Rxf1 31.Rxf1 Bxg4 32.d6 exd6 33.Rf7+ Kh6 34.Rxb7 Rf8 35.Nxb5 Nf3+
36.Kc3 Rc8+ 37.Rc7 Rxc7+ 38.Nxc7 Kg5 39.a4 h5 40.a5 Bc8 41.Be6  1-0

[Event "Marshall CC Winter"]
[Site "New York"]
[Date "1998.12.14"]
[Round "3"]
[White "Robovic, Saudin"]
[Black "Waitzkin, Joshua"]
[Result "1/2-1/2"]
[WhiteElo "2330"]
[BlackElo "2480"]

1.e4 c5 2.c3 d5 3.exd5 Qxd5 4.d4 Nf6 5.Nf3 g6 6.Be2 cxd4 7.cxd4 Bg7 8.O-O O-O
9.Nc3 Qd8 10.Bf4 Nbd7 11.a4 Nb6 12.a5 Nbd5 13.Be5 Bd7 14.a6 Bc6 15.axb7 Bxb7
16.Na4 Nb4 17.Nc5 Bd5 18.Qd2 Nc6 19.b4 e6 20.b5 Nxe5 21.Nxe5 Ne4 22.Nxe4 Bxe4
23.Qe3 Bd5 24.Rfc1 Qe7 25.Rc5  1/2-1/2

[Event "Marshall CC Winter"]
[Site "New York"]
[Date "1998.12.15"]
[Round "4"]
[White "Waitzkin, Joshua"]
[Black "Stripunsky, Alexander"]
[Result "1/2-1/2"]
[WhiteElo "2480"]
[BlackElo "2520"]

1.e4 Nf6 2.e5 Nd5 3.d4 d6 4.c4 Nb6 5.exd6 cxd6 6.d5 e5 7.Nc3 Bf5 8.Nf3 Be7
9.Be2 O-O 10.O-O Na6 11.b3 Nd7 12.Ba3 Bg6 13.Rc1 Nc7 14.Re1 Re8 15.Bb2 Bf8
16.Nd2  1/2-1/2

[Event "Marshall CC Winter"]
[Site "New York"]
[Date "1998.12.20"]
[Round "9"]
[White "Waitzkin, Joshua"]
[Black "Vulicevic, Nenad"]
[Result "1-0"]
[WhiteElo "2480"]
[BlackElo "2370"]

1.e4 d6 2.d4 Nf6 3.Nc3 g6 4.Bg5 c6 5.Qd2 Bg7 6.f4 O-O 7.Bd3 b5 8.Nf3 Bg4
9.e5 b4 10.Ne2 Nd5 11.O-O f6 12.exf6 exf6 13.Bh4 Nd7 14.h3 Be6 15.f5 Bxf5
16.Bxf5 gxf5 17.Bg3 N7b6 18.Nh4 Nc4 19.Qd3 Nce3 20.Rf3 Qe7 21.Nf4 Qe4 22.Nxd5 Qxd3
23.Ne7+ Kf7 24.cxd3 Nc2 25.Raf1 Nxd4 26.Re3 Nc2 27.Re2 Nd4 28.Ree1 Nc2 29.Nhxf5 Nxe1
30.Rxe1 Rfd8 31.Nxd6+ Kf8 32.Nxc6 Rd7 33.Nxb4 f5 34.Re2 Bd4+ 35.Kh2 Bc5 36.Nxf5 Bxb4
37.d4 Re8 38.Be5 Kf7 39.Rf2 Ra8 40.g4 Ke6 41.h4 Rc8 42.h5 Kd5 43.g5 Rg8 44.Bf6 Ke4
45.Kh3 Kd3 46.Nh6 Re8 47.Ng4 Rc7 48.Be5 Rcc8 49.Nf6 Re7 50.Nd5 Rb7 51.Nxb4+ Rxb4
52.g6 hxg6 53.hxg6 Rb6 54.g7 Rg8 55.Rf7 a5 56.Kh4 Rxb2 57.Rf8 Rxg7 58.Bxg7 Rxa2
59.d5 Ke4 60.d6 Rg2 61.Re8+ Kf3 62.Bf8 a4 63.Ra8  1-0

[Event "Mermaid Beach Club"]
[Site "Bermuda"]
[Date "1999.01.21"]
[Round "1"]
[White "Gershon, Alik"]
[Black "Waitzkin, Joshua"]
[Result "1/2-1/2"]
[WhiteElo "2467"]
[BlackElo "2467"]

1.d4 d5 2.c4 dxc4 3.e3 Nf6 4.Bxc4 e6 5.Nf3 a6 6.a4 c5 7.O-O Nc6 8.Qe2 Qc7
9.Nc3 Bd6 10.Rd1 O-O 11.Bd2 Bd7 12.d5 exd5 13.Nxd5 Nxd5 14.Bxd5 Ne7 15.Bc4 Bc6
16.Bc3 h6 17.h3 Rad8 18.Nh4 Bh2+ 19.Kh1 Rxd1+ 20.Rxd1 Be5 21.Bxe5 Qxe5 22.a5 Re8
23.Rd2 Nd5 24.Qd3 Nc7 25.Qf5 Qxf5 26.Nxf5 Kf8 27.f3 h5 28.e4 f6 29.Nh4 g5
30.Nf5 Nb5 31.Bxb5 axb5 32.Rd6 Ra8 33.Rxf6+ Ke8 34.e5 Rxa5 35.e6 Ra1+ 36.Kh2 Re1
37.Rh6 Kd8 38.e7+ Kc7 39.Rxh5 c4 40.Rxg5 b4 41.Nd4 Kb6 42.Rg4 Ba4 43.b3 cxb3
44.Nxb3 Kb5 45.Re4 Rxe4 46.fxe4 Kc4 47.Na5+ Kc5 48.e5 Kd5 49.h4 Kxe5 50.Nxb7 Kf6
51.Nc5 Be8 52.Kg3 Kxe7 53.Kf4 Kf6 54.g4 Kg6 55.Ke4 Bc6+ 56.Ke5 Bf3 57.Kf4 Bd5
58.Nd3 b3 59.g5 Bc6 60.Nb2 Kh5 61.Kg3 Bb5  1/2-1/2

[Event "Mermaid Beach Club"]
[Site "Bermuda"]
[Date "1999.01.25"]
[Round "5"]
[White "Arizmendi Martinez, Julen Luis"]
[Black "Waitzkin, Joshua"]
[Result "1-0"]
[WhiteElo "2472"]
[BlackElo "2467"]

1.e4 c5 2.Nf3 d6 3.d4 Nf6 4.Nc3 cxd4 5.Nxd4 Nc6 6.Bc4 Qb6 7.Nxc6 bxc6 8.O-O g6
9.Be3 Qxb2 10.Bd4 e5 11.Rb1 Qa3 12.Rb3 Qa5 13.Be3 Qc7 14.Bg5 Bg7 15.Bxf6 Bxf6
16.Qf3 Ke7 17.Rfb1 h5 18.Bd5 Bg4 19.Rb7 Bxf3 20.Rxc7+ Kd8 21.Rxc6 Bg4 22.Rxd6+ Ke7
23.Ra6 Rac8 24.Rb7+ Kd8 25.Rd6+ Ke8 26.Bc6+ Kf8 27.Rxf6 Be6 28.Bd5  1-0

[Event "Mermaid Beach Club"]
[Site "Bermuda"]
[Date "1999.01.28"]
[Round "8"]
[White "Waitzkin, Joshua"]
[Black "Pelletier, Yannick"]
[Result "1/2-1/2"]
[WhiteElo "2467"]
[BlackElo "2483"]

1.e4 c5 2.Nf3 d6 3.d4 cxd4 4.Nxd4 Nf6 5.Nc3 a6 6.Rg1 e6 7.g4 d5 8.exd5 Nxd5
9.Nxd5 Qxd5 10.Be3 Qa5+ 11.c3 Be7 12.g5 O-O 13.Bd3 e5 14.Nb3 Qa4 15.Qh5 g6
16.Qf3 Nc6 17.h4 Rd8 18.Be4 Be6 19.Nc5 Bxc5 20.Bxc5 Qb5 21.b4 Qc4 22.h5 Bd5
23.Bxd5 Rxd5 24.hxg6 hxg6 25.Rc1 Rd3 26.Rg4 Qe6 27.Be3 Qf5 28.Qh3 e4 29.Rh4 Qxh3
30.Rxh3 Rc8 31.a3 Nd4 32.Kf1 Nf5 33.c4 Rxa3 34.Kg2 Rd8 35.Bb6 Rdd3 36.Rh2 Ra2
37.Rch1 Rg3+ 38.Kf1 Ra1+ 39.Ke2 Ra2+ 40.Kf1 Ra1+ 41.Ke2 Rxh1 42.Rxh1 Rb3
43.Rd1 Rxb4 44.Rd8+ Kg7 45.Bc7 f6 46.Rd7+ Kf8 47.gxf6 Rxc4 48.Be5 Rc5 49.Bf4 b6
50.Kf1 a5 51.Ra7 g5 52.Bc7 Rc6 53.Be5 Nd6 54.Rc7 Rxc7 55.Bxd6+ Kf7 56.Bxc7 Kxf6
57.Bxb6 a4 58.Bc5 Kf5 59.Kg2 Kf4 60.Bd6+ Kg4 61.Bc5 Kf4 62.Ba3 g4 63.Bc1+ Kf5
64.Kg3 e3 65.Bxe3 a3 66.Bd4 a2 67.Ba1 Kg5 68.Kh2 Kf4 69.Kg2 Ke4 70.Kg3  1/2-1/2

[Event "Mermaid Beach Club"]
[Site "Bermuda"]
[Date "1999.01.30"]
[Round "10"]
[White "Waitzkin, Joshua"]
[Black "Gretarsson, Helgi Ass"]
[Result "1/2-1/2"]
[WhiteElo "2465"]
[BlackElo "2455"]

1.e4 e5 2.Nf3 Nc6 3.Nc3 Nf6 4.g3 d5 5.exd5 Nxd5 6.Bg2 Nxc3 7.bxc3 Be7 8.Qe2 O-O
9.O-O Bf6 10.d3 Bg4 11.Rb1 Rb8 12.Qe3 Qd7 13.Re1 Bh3 14.Bh1 Rfe8 15.Ng5 Bxg5
16.Qxg5 Be6 17.c4 Nd4 18.Rb2 Bg4 19.Qe3 Qa4 20.f3 Bd7 21.Qf2 Bc6 22.c3 Ne6
23.Rxe5 Nc5 24.Rxe8+ Rxe8 25.Rd2 Qa5 26.Bb2 Qxa2 27.Qxc5 Qb1+ 28.Kg2 Re1
29.Ba3 h6 30.Qf8+ Kh7 31.Qxf7 Rxh1 32.Qf5+ Kh8 33.Qf8+ Kh7 34.Qf5+ Kh8  1/2-1/2

[Event "Mermaid Beach Club"]
[Site "Bermuda"]
[Date "1999.02.01"]
[Round "11"]
[White "Ashley, Maurice"]
[Black "Waitzkin, Joshua"]
[Result "1-0"]
[WhiteElo "2473"]
[BlackElo "2467"]

1.c4 e6 2.Nc3 d5 3.cxd5 exd5 4.d4 c6 5.Qc2 Bd6 6.Nf3 Ne7 7.Bg5 Bf5 8.Qd2 O-O
9.e3 Nd7 10.Bd3 Bg4 11.Bh4 f5 12.h3 Bxf3 13.gxf3 Qe8 14.Bxe7 Qxe7 15.O-O-O b5
16.Kb1 Nb6 17.Qc2 Qf7 18.Rhg1 Be7 19.Rg2 Rad8 20.Rdg1 g6 21.Ne2 c5 22.dxc5 Nc4
23.Nd4 Kh8 24.h4 Bxh4 25.Rh1 Bf6 26.Nxf5 gxf5 27.Bxf5 Rd7 28.Rgh2 Bxb2 29.Bxd7 Na3+
30.Kxb2 Nxc2 31.Rxh7+ Qxh7 32.Rxh7+ Kxh7 33.Kxc2 Rxf3 34.c6 Rxf2+ 35.Kd3 Rxa2
36.c7 Ra3+ 37.Kd4 Ra4+ 38.Kxd5 Rc4 39.Bc6  1-0

[Event "Mermaid Beach Club"]
[Site "Bermuda"]
[Date "1999.02.04"]
[Round "13"]
[White "Waitzkin, Joshua"]
[Black "Elbilia, Jacques"]
[Result "1-0"]
[WhiteElo "2467"]
[BlackElo "2360"]

1.e4 c5 2.Nf3 e6 3.d3 Nc6 4.g3 d5 5.Nbd2 Nf6 6.Bg2 Be7 7.O-O O-O 8.Re1 b5
9.e5 Nd7 10.Nf1 a5 11.h4 Qc7 12.Bf4 Re8 13.N1h2 Nf8 14.h5 h6 15.Ng4 Nh7 16.c4 dxc4
17.dxc4 bxc4 18.Nf6+ gxf6 19.exf6 Qd8 20.fxe7 Qxd1 21.Rexd1 Nxe7 22.Ne5 Nd5
23.Bxh6 Nhf6 24.Nxc4 Bb7 25.Rac1 Nxh5 26.Nd6 Reb8 27.Nxb7 Rxb7 28.Rxd5 exd5
29.Bxd5 Rab8 30.Bxb7 Rxb7 31.Rxc5 Nf6 32.b3 a4 33.bxa4 Rb2 34.a3 Ra2 35.Bc1 Ne4
36.Rc8+ Kh7 37.a5 Nxf2 38.a6 Nh3+ 39.Kf1  1-0

[Event "Manhattan March Int"]
[Site "New York"]
[Date "1999.03.05"]
[Round "1"]
[White "Waitzkin, Joshua"]
[Black "Ady, Jonathan James"]
[Result "1-0"]
[WhiteElo "2467"]
[BlackElo "2412"]

1.e4 c5 2.Nf3 d6 3.d4 cxd4 4.Nxd4 Nf6 5.Nc3 a6 6.Rg1 g6 7.g4 Bg7 8.g5 Nh5
9.Be3 O-O 10.Qd2 Nc6 11.O-O-O Nxd4 12.Bxd4 Be6 13.Nd5 Rc8 14.Kb1 b5 15.Bb6 Qd7
16.Be2 Qb7 17.Be3 b4 18.Bxh5 gxh5 19.f4 Bg4 20.Rc1 Rc4 21.Qd3 Rfc8 22.Nb6 Be6
23.f5 Rc3 24.bxc3 Bxa2+ 25.Kxa2 Rxc3 26.f6 b3+ 27.Kb2 Rxd3 28.cxd3  1-0

[Event "Manhattan March Int"]
[Site "New York"]
[Date "1999.03.06"]
[Round "2"]
[White "Negulescu, Adrian"]
[Black "Waitzkin, Joshua"]
[Result "1-0"]
[WhiteElo "2452"]
[BlackElo "2467"]

1.e4 c5 2.Nf3 e6 3.b3 b6 4.Bb2 Bb7 5.Nc3 a6 6.d4 cxd4 7.Nxd4 d6 8.Qe2 Nf6
9.O-O-O Qc7 10.g4 Be7 11.g5 Nfd7 12.Rg1 b5 13.Kb1 O-O 14.Qh5 g6 15.Qh3 Nc5
16.b4 Nxe4 17.Nxe4 Bxe4 18.Rg4 d5 19.f3 e5 20.fxe4 exd4 21.exd5 f5 22.d6 Bxd6
23.Rgxd4 Be5 24.Qb3+ Qf7 25.Qe3 Nc6 26.Rd7 Qe8 27.Bg2 Bxb2 28.Qb3+ Kh8  1-0

[Event "Manhattan March Int"]
[Site "New York"]
[Date "1999.03.09"]
[Round "4"]
[White "Fedorowicz, John P"]
[Black "Waitzkin, Joshua"]
[Result "1/2-1/2"]
[WhiteElo "2574"]
[BlackElo "2467"]

1.e4 d5 2.exd5 Qxd5 3.Nc3 Qa5 4.d4 c6 5.Bc4 Nf6 6.Nf3 Bf5 7.Bd2 e6 8.Ne4 Qd8
9.Nxf6+ Qxf6 10.c3 Nd7 11.Qe2 Bg4 12.Qe4 Bxf3  1/2-1/2

[Event "Manhattan March Int"]
[Site "New York"]
[Date "1999.03.13"]
[Round "7"]
[White "Waitzkin, Joshua"]
[Black "Burnett, Ronald"]
[Result "1-0"]
[WhiteElo "2467"]
[BlackElo "2420"]

1.e4 c6 2.d4 d5 3.Nc3 dxe4 4.Nxe4 Nd7 5.Ng5 Ndf6 6.Bc4 Nh6 7.N1f3 Nd5 8.O-O g6
9.Re1 Bg7 10.Bb3 O-O 11.h3 Nf5 12.c3 Qc7 13.Qe2 a5 14.g4 a4 15.Bxd5 cxd5
16.gxf5 h6 17.fxg6 hxg5 18.gxf7+ Rxf7 19.Nxg5 Rf6 20.Qxe7 Qxe7 21.Rxe7 Bf5
22.Rxb7 Re8 23.Be3 Rg6 24.h4 Re4 25.Kf1 Rxh4 26.Rb8+ Bf8 27.Ke2 Bg4+ 28.Kd2 Kg7
29.Rb7+ Kg8 30.Rb8 Kg7 31.Rb7+ Kg8 32.Rg1 Bf5 33.Rb8 Rg7 34.Nf3 Rh7 35.Rxg7+ Kxg7
36.Ra8 Rh1 37.Ne1 a3 38.b4  1-0

[Event "Fan Adams Int f-A"]
[Site "New York"]
[Date "1999.06.24"]
[Round "1"]
[White "Waitzkin, Joshua"]
[Black "Fedorowicz, John P"]
[Result "0-1"]
[WhiteElo "2467"]
[BlackElo "2574"]

1.e4 c5 2.Nf3 d6 3.d4 cxd4 4.Nxd4 Nf6 5.Nc3 a6 6.Rg1 e6 7.g4 d5 8.exd5 Nxd5
9.Nxd5 Qxd5 10.Be3 Qa5+ 11.c3 Qc7 12.h4 Be7 13.Qc2 Nd7 14.O-O-O Nc5 15.Bg2 Bd7
16.g5 O-O-O 17.Rd2 g6 18.Nb3 Nxb3+ 19.Qxb3 Bc6 20.Bxc6 Qxc6 21.Bd4 Rhe8 22.Rgd1 Rd5
23.Qb6 Qxb6 24.Bxb6 Rxd2 25.Kxd2 f6 26.Be3 Rd8+ 27.Ke2 Rxd1 28.Kxd1 e5 29.Ke2 Kd7
30.Kd3 Ke6 31.Ke4 f5+ 32.Kd3 b5 33.b3 e4+ 34.Kd4 Bd6 35.Bd2 Bb8 36.c4 Ba7+
37.c5 Bb8 38.b4 Be5+ 39.Ke3 Kd5 40.f4 Bd4+ 41.Ke2 a5  0-1

[Event "Fan Adams Int"]
[Site "New York "]
[Date "1999.??.??"]
[Round "1"]
[White "Burnett, Ronald"]
[Black "Waitzkin, Joshua"]
[Result "1/2-1/2"]
[WhiteElo "2420"]
[BlackElo "2465"]

1.e4 c5 2.Nf3 e6 3.b3 b6 4.Bb2 Bb7 5.Nc3 a6 6.Qe2 Nc6 7.O-O-O Qc7 8.Kb1 Nd4
9.Qe3 Nxf3 10.gxf3 Ne7 11.f4 Nc6 12.Rg1 O-O-O 13.Ne2 Rg8 14.Qh3 h6 15.f5 Kb8
16.Rg3 g6 17.fxg6 Rxg6 18.Qh5 Rxg3 19.hxg3 d5 20.exd5 Rxd5 21.Qh4 Rd7 22.Bg2 Ka7
23.Qf6 Qd8 24.Qxd8 Rxd8 25.Bf6 Rd7 26.d3 Nb4 27.Bxb7 Kxb7 28.Rh1 Nd5 29.Bb2 f5
30.a3 Kc6 31.c4 Nc7 32.Nf4 Rh7 33.Re1 Kd7 34.Be5 Bd6 35.Kc2 Bxe5 36.Rxe5 Kd6
37.Re1 Rf7 38.Kc3 Re7 39.Rh1 Rh7 40.b4 Rh8 41.Ng6 Rh7 42.bxc5+ bxc5 43.Rb1 Kc6
44.Ne5+ Kd6 45.f4 Rg7 46.Rb6+ Ke7 47.Rc6 Kd8 48.Rxc5 Rxg3 49.Rc6 Kc8 50.Kd4 h5
51.Kc5 h4 52.Rb6 h3 53.Nc6 Kd7 54.Rb8 e5 55.Nxe5+ Ke7 56.Kc6 Ne6 57.Rb7+ Kf8
58.Rh7 Nxf4 59.d4 Kg8 60.Rh4 Ng2 61.Rh5 Nf4 62.Rh4 Ng2 63.Rh5 Nf4 64.Rh4  1/2-1/2

[Event "Fan Adams Int"]
[Site "New York "]
[Date "1999.??.??"]
[Round "4"]
[White "Waitzkin, Joshua"]
[Black "Payen, Arnaud"]
[Result "1-0"]
[WhiteElo "2465"]
[BlackElo "2415"]

1.e4 c5 2.Nf3 d6 3.d4 cxd4 4.Nxd4 Nf6 5.Nc3 g6 6.Be3 Bg7 7.f3 O-O 8.Qd2 Nc6
9.Bc4 Bd7 10.O-O-O Rc8 11.Bb3 Ne5 12.Kb1 h5 13.h3 Qe8 14.g4 b5 15.Bh6 a5
16.Bxg7 Kxg7 17.f4 b4 18.Nd5 Nxe4 19.Qe3 f5 20.gxf5 gxf5 21.fxe5 dxe5 22.Nb6 a4
23.Nxd7 axb3 24.Ne6+ Kf7 25.Qxb3  1-0

[Event "Fan Adams Int"]
[Site "New York "]
[Date "1999.??.??"]
[Round "5"]
[White "Ady, Jonathan James"]
[Black "Waitzkin, Joshua"]
[Result "0-1"]
[WhiteElo "2410"]
[BlackElo "2465"]

1.e4 c5 2.Nf3 e6 3.d4 cxd4 4.Nxd4 a6 5.Bd3 Bc5 6.Be3 Qb6 7.c3 Qc7 8.O-O Nf6
9.Nd2 O-O 10.Qf3 d6 11.Bg5 Nfd7 12.Qg3 Ne5 13.Bh6 Ng6 14.Be3 Nd7 15.f4 Nf6
16.f5 Ne5 17.Bc2 Neg4 18.fxe6 fxe6 19.Bb3 Nxe3 20.Qxe3 Kh8 21.Rxf6  0-1

[Event "Fan Adams Int"]
[Site "New York "]
[Date "1999.??.??"]
[Round "6"]
[White "Waitzkin, Joshua"]
[Black "Hauchard, Arnaud"]
[Result "1/2-1/2"]
[WhiteElo "2465"]
[BlackElo "2520"]

1.e4 d5 2.exd5 Qxd5 3.Nc3 Qa5 4.Nf3 Nf6 5.d4 c6 6.Bc4 Bf5 7.Bd2 e6 8.Ne4 Qc7
9.Nxf6+ gxf6 10.Bb3 Nd7 11.Qe2 O-O-O 12.Nh4 Bg6 13.O-O-O Nb6 14.c3 Nd5 15.Qf3 Bg7
16.Nxg6 hxg6 17.h4 f5 18.Kb1 Bh6 19.Bxh6 Rxh6 20.g3 Kb8  1/2-1/2